History Quiz

Random History or Year Quiz

People Who Witnessed 1492 Quiz Stats

 Plays Quiz Updated Jun 28, 2014

Support Sporcle.
Go Orange.
Score 0/15 Timer 06:00
1 Play Today
% Correct
Leonardo da Vinci
77.8%
Henry VIII of England
72%
Martin Luther
71.3%
Nicolaus Copernicus
66.5%
Niccolò Machiavelli
65.7%
Thomas More
60.4%
Moctezuma II
58%
Michelangelo Buonarroti
55.3%
% Correct
Ignatius of Loyola
47.2%
Desiderius Erasmus
46.8%
Albrecht Dürer
43.2%
Hieronymus Bosch
43.1%
Girolamo Savonarola
36.1%
Pico della Mirandola
30.9%
Josquin des Prez
28%

You're not logged in!

Compare scores with friends on all Sporcle quizzes.
OR
Log In

From the Vault

Remove Ads.
Support Sporcle.
Get the best of Sporcle when you Go Orange. This ad-free experience offers more features, more stats, and more fun while also helping to support Sporcle. Thank you for becoming a member.

Show Comments

Extras

Top Quizzes Today


Score Distribution

Your Account Isn't Verified!

In order to create a playlist on Sporcle, you need to verify the email address you used during registration. Go to your Sporcle Settings to finish the process.

Report this User

Report this user for behavior that violates our Community Guidelines.

Details: